000 00740nam a2200265Ia 4500
005 20260302114526.0
008 008 260114s9999 xx 000 0 eng d
020 _a9798881817510
037 _aTextbook
040 _aCRL
040 _beng
040 _cCRL
041 _2eng
041 _aeng
084 _qCRL
100 _aLorna Finlayson
_91119017
245 4 _aThe Political is Political Conformity and the Illusion of Dissent in Contemporary Political Philosophy
260 _bBloomsbury
260 _bRowman & Littlefield
260 _c2015
650 _aPhilosophy
856 _uhttps://doi.org/10.5040/9798881817510?locatt=label:secondary_bloomsburyCollections
942 _cEBOOK
999 _c1682870
_d1682870